Sadzby podmieňujú spravodlivé zdanenie

Uložené v:
Podrobná bibliografia
Hlavný autor: Zubaľová, Alena, 1959-
Médium: Kapitola
Jazyk:Slovak
Predmet:
Tagy: Pridať tag
Žiadne tagy, Buďte prvý, kto otaguje tento záznam!

MARC

LEADER 00000naa$a2200000$$$4500
001 0107934
005 20240502072206.7
041 0 |a slo 
044 |a SK 
245 1 0 |a Sadzby podmieňujú spravodlivé zdanenie  |c Alena Zubaľová 
610 2 0 |a dane 
610 2 0 |a sadzby daňové 
610 2 0 |a zdaňovanie 
610 2 0 |a príjmy 
100 1 |a Zubaľová, Alena, 1959-